000 00767cam a22002053a 4500
001 40029
003 PGUSA
005 20140828083907.0
008 120618s2012||||xxu|||||s|||||000 | eng d
040 _aPGUSA
_beng
042 _adc
100 1 _aHenry Hawkes Spink
_cJr
245 1 4 _aThe Gunpowder Plot and Lord Mounteagle's Letter :
_bBeing a Proof, with Moral Certitude, of the Authorship of the Document: Together with Some Account of the Whole Thirteen Gunpowder Conspirators, Including Guy Fawkes
_h[electronic resource] /
_cHenry Hawkes Spink
260 _bProject Gutenberg,
_c2012
506 _aPublic domain in the USA.
516 _aElectronic text
830 0 _aProject Gutenberg
_v40029
856 4 0 _uhttp://www.gutenberg.org/ebooks/40029
942 _cEB
999 _c269282
_d269282